[Event "Oberliga Nord W 1011"]
[Site "Germany"]
[Date "2011.03.20"]
[Round "8.6"]
[White "Belov, Igor2222"]
[Black "Dan, Efim"]
[Result "1-0"]
[WhiteElo "2091"]
[BlackElo "2112"]
[PlyCount "111"]
[EventDate "2010.10.10"]
[EventType "team-tourn"]
[EventRounds "9"]
[EventCountry "GER"]
[SourceTitle "EXT 2012"]
[Source "ChessBase"]
[SourceDate "2011.11.24"]
[SourceVersion "1"]
[SourceVersionDate "2011.11.24"]
[SourceQuality "1"]
[WhiteTeam "Hameln"]
[BlackTeam "Melle III"]
[WhiteTeamCountry "GER"]
[BlackTeamCountry "GER"]

1. c4 c5 2. Nc3 Nf6 3. e4 Nc6 4. d3 e6 5. f4 d5 6. e5 d4 7. Nb5 Nd7 8. g3 f6 9. Qh5+ g6 10. Qh3 f5 11. Nf3 a6 12. Na3 Bg7 13. g4 Ne7 14. g5 Nb8 15. Bd2 Nbc6 16. Qg3 Bd7 17. h4 Qc7 18. Bg2 Kf7 19. Ke2 Rad8 20. h5 Bc8 21. h6 Bf8 22. Rhb1 b6 23. Ne1 Bb7 24. Nec2 Nc8 25. b3 N8a7 26. Rb2 Be7 27. Rab1 Nb4 28. Nxb4 cxb4 29. Nc2 a5 30. Ra1 Nc6 31. a3 bxa3 32. Nxa3 Bxa3 33. Rxa3 Ra8 34. Bf3 Qe7 35. Ra4 Rhb8 36. Qg2 Nd8 37. Rba2 Ra7 38. b4 Rba8 39. bxa5 Bxf3+ 40. Qxf3 Nb7 41. a6 Nc5 42. Bb4 Nxa4 43. Bxe7 Nc3+ 44. Kf2 Nxa2 45. Bd6 Kg8 46. Qc6 Nc1 47. Qxb6 Nxd3+ 48. Kf3 Ne1+ 49. Ke2 Nc2 50. Bc5 Kf7 51. Kd3 Ne1+ 52. Kd2 Nf3+ 53. Kd1 Rd7 54. Qc6 Nxe5 55. Qxa8 Nxc4 56. Qf8# 1-0

[Event "Niedersachsen-ch"]
[Site "Verden"]
[Date "2010.01.05"]
[Round "7.10"]
[White "Dan, Efim"]
[Black "Neumair, Jerome"]
[Result "1-0"]
[WhiteElo "2122"]
[BlackElo "2013"]
[PlyCount "91"]
[EventDate "2010.01.02"]
[EventType "swiss"]
[EventRounds "9"]
[EventCountry "GER"]
[SourceTitle "EXT 2012"]
[Source "ChessBase"]
[SourceDate "2011.11.24"]
[SourceVersion "1"]
[SourceVersionDate "2011.11.24"]
[SourceQuality "1"]

1. c4 e6 2. Nc3 d5 3. d4 c6 4. e3 f5 5. Bd3 Nf6 6. Nf3 Bd6 7. Qc2 Ne4 8. h4 Qf6 9. Qe2 0-0 10. Bd2 b6 11. 0-0-0 Ba6 12. Rdf1 Nd7 13. Kb1 Rac8 14. Be1 e5 15. cxd5 Nxc3+ 16. Bxc3 Bxd3+ 17. Qxd3 e4 18. Qc4 exf3 19. dxc6+ Kh8 20. gxf3 Bb8 21. d5 Be5 22. f4 Bxc3 23. Qxc3 Nc5 24. Rc1 Qxc3 25. bxc3 b5 26. Rhd1 Rfd8 27. c4 bxc4 28. Rd4 Ne4 29. Rcxc4 Nxf2 30. d6 Ne4 31. d7 Rc7 32. Rxe4 fxe4 33. Rxe4 Rcc8 34. dxc8Q Rxc8 35. c7 h5 36. Re7 Kh7 37. f5 Kh6 38. Kb2 g5 39. fxg6 Kxg6 40. Kc3 Kf5 41. Kd4 Kg4 42. e4 Kxh4 43. Rg7 Kh3 44. Kd5 h4 45. Kc6 Kh2 46. Kb7 1-0

[Event "Oberliga Nord W 0809"]
[Site "Germany"]
[Date "2009.03.01"]
[Round "7.7"]
[White "Lange, Helmut"]
[Black "Dan, Efim"]
[Result "1/2-1/2"]
[WhiteElo "2165"]
[BlackElo "2125"]
[PlyCount "49"]
[EventDate "2008.10.05"]
[EventType "team-tourn"]
[EventRounds "9"]
[EventCountry "GER"]
[SourceTitle "EXT 2010"]
[Source "ChessBase"]
[SourceDate "2010.11.25"]
[SourceVersion "1"]
[SourceVersionDate "2010.11.25"]
[SourceQuality "1"]
[WhiteTeam "Bremen Nord"]
[BlackTeam "Melle III"]
[WhiteTeamCountry "GER"]
[BlackTeamCountry "GER"]

1. d4 Nf6 2. c4 g6 3. Nc3 Bg7 4. e4 d6 5. Nf3 0-0 6. Be2 e5 7. dxe5 dxe5 8. Qxd8 Rxd8 9. Bg5 Re8 10. 0-0-0 c6 11. Nxe5 Nxe4 12. Nxe4 Bxe5 13. f4 Bf5 14. fxe5 Bxe4 15. Bf3 Bf5 16. g4 Be6 17. b3 Nd7 18. Rhe1 Kg7 19. Rd6 h6 20. Bh4 g5 21. Bg3 Nf8 22. h3 Ng6 23. Be4 Re7 24. Bf5 Rae8 25. Red1 1/2-1/2

[Event "Niedersachsen-ch"]
[Site "Verden"]
[Date "2009.01.05"]
[Round "7"]
[White "Dan, Efim"]
[Black "Kaiser, Gerhard"]
[Result "1-0"]
[WhiteElo "2125"]
[BlackElo "2024"]
[PlyCount "74"]
[EventDate "2009.01.02"]
[EventType "swiss"]
[EventRounds "9"]
[EventCountry "GER"]
[SourceTitle "CBM 128 Extra"]
[Source "ChessBase"]
[SourceDate "2009.03.05"]
[SourceVersion "2"]
[SourceVersionDate "2009.03.25"]
[SourceQuality "1"]

1. d4 f5 2. Nf3 Nf6 3. g3 g6 4. Bg2 Bg7 5. 0-0 d6 6. b3 0-0 7. Bb2 Qe8 8. c4 Nbd7 9. d5 e5 10. dxe6 Nc5 11. Nd4 c6 12. Nd2 Bxe6 13. Nxe6 Nxe6 14. Qc2 Rd8 15. Rad1 d5 16. cxd5 Nxd5 17. Bxg7 Kxg7 18. e4 fxe4 19. Nxe4 Qf7 20. Rfe1 Qf5 21. Re2 Rf7 22. f4 Rfd7 23. Qb2+ Kg8 24. Rde1 Kf7 25. Nf2 Nexf4 26. gxf4 Nxf4 27. Rc2 Qg5 28. Ne4 Qh4 29. Rf2 Rd1 30. Ref1 Kg8 31. Qf6 Nxg2 32. Qe6+ Kg7 33. Kxg2 Rxf1 34. Rxf1 Rd5 35. Qf7+ Kh6 36. Qf8+ Kh5 37. Ng3+ Kg5 1-0

[Event "Niedersachsen-ch"]
[Site "Verden"]
[Date "2009.01.03"]
[Round "4"]
[White "Borrink, Joern"]
[Black "Dan, Efim"]
[Result "1/2-1/2"]
[WhiteElo "2110"]
[BlackElo "2125"]
[PlyCount "39"]
[EventDate "2009.01.02"]
[EventType "swiss"]
[EventRounds "9"]
[EventCountry "GER"]
[SourceTitle "CBM 128 Extra"]
[Source "ChessBase"]
[SourceDate "2009.03.05"]
[SourceVersion "2"]
[SourceVersionDate "2009.03.25"]
[SourceQuality "1"]

1. e4 e6 2. d4 d5 3. e5 c5 4. c3 Nc6 5. Nf3 Qb6 6. a3 a5 7. b3 Bd7 8. Be2 cxd4 9. cxd4 Nge7 10. 0-0 Nf5 11. Bb2 Be7 12. Re1 0-0 13. Bd3 Rac8 14. Bxf5 exf5 15. Nc3 Be6 16. Rc1 Na7 17. Re2 Nb5 18. Rec2 Nxa3 19. Nxd5 Bxd5 20. Rxc8 1/2-1/2

[Event "Niedersachsen-ch"]
[Site "Verden"]
[Date "2009.01.03"]
[Round "3"]
[White "Dan, Efim"]
[Black "Mueer, Sebastian"]
[Result "0-1"]
[WhiteElo "2125"]
[BlackElo "2058"]
[PlyCount "44"]
[EventDate "2009.01.02"]
[EventType "swiss"]
[EventRounds "9"]
[EventCountry "GER"]
[SourceTitle "CBM 128 Extra"]
[Source "ChessBase"]
[SourceDate "2009.03.05"]
[SourceVersion "2"]
[SourceVersionDate "2009.03.25"]
[SourceQuality "1"]

1. d4 Nf6 2. c4 c5 3. Nf3 cxd4 4. Nxd4 e5 5. Nb5 d5 6. cxd5 Bc5 7. N5c3 0-0 8. e3 e4 9. Be2 Qe7 10. Nd2 Rd8 11. Qc2 Bf5 12. Nb3 Nbd7 13. Bd2 Rac8 14. Rd1 Ne5 15. Nxc5 Rxc5 16. Qb3 Bg4 17. Bxg4 Nd3+ 18. Ke2 Nxg4 19. Rdf1 Qh4 20. Nxe4 Rcxd5 21. f3 Nxh2 22. Be1 Nc1# 0-1

[Event "Niedersachsen-ch"]
[Site "Verden"]
[Date "2009.01.02"]
[Round "1"]
[White "Dan, Efim"]
[Black "Plischki, Sebastian"]
[Result "1/2-1/2"]
[WhiteElo "2125"]
[BlackElo "2418"]
[PlyCount "71"]
[EventDate "2009.01.02"]
[EventType "swiss"]
[EventRounds "9"]
[EventCountry "GER"]
[SourceTitle "CBM 128 Extra"]
[Source "ChessBase"]
[SourceDate "2009.03.05"]
[SourceVersion "2"]
[SourceVersionDate "2009.03.25"]
[SourceQuality "1"]

1. d4 Nf6 2. c4 g6 3. Nc3 d5 4. cxd5 Nxd5 5. e4 Nxc3 6. bxc3 Bg7 7. Bc4 c5 8. Ne2 0-0 9. 0-0 Nc6 10. Be3 Na5 11. Bd3 b6 12. Qd2 e5 13. dxc5 Be6 14. Rfd1 Qc7 15. cxb6 axb6 16. c4 Nxc4 17. Bxc4 Qxc4 18. Nc3 b5 19. f3 b4 20. Nd5 Bxd5 21. Qxd5 Qxd5 22. Rxd5 Rfb8 23. Rad1 Bf8 24. R1d2 Ra3 25. Bg5 Kg7 26. Rxe5 Rba8 27. Be7 Rxa2 28. Bxf8+ Kxf8 29. Rd7 Rc2 30. h4 Raa2 31. Ree7 Rxg2+ 32. Kh1 Rh2+ 33. Kg1 Rhg2+ 34. Kh1 Rh2+ 35. Kg1 Rhg2+ 36. Kh1 1/2-1/2

[Event "Oberliga Nord W 0809"]
[Site "Germany"]
[Date "2008.12.14"]
[Round "4.8"]
[White "Cablitz, Hans Joachim"]
[Black "Dan, Efim"]
[Result "1/2-1/2"]
[WhiteElo "2184"]
[BlackElo "2125"]
[PlyCount "56"]
[EventDate "2008.10.05"]
[EventType "team-tourn"]
[EventRounds "9"]
[EventCountry "GER"]
[SourceTitle "EXT 2010"]
[Source "ChessBase"]
[SourceDate "2010.11.25"]
[SourceVersion "1"]
[SourceVersionDate "2010.11.25"]
[SourceQuality "1"]
[WhiteTeam "Hannover PSC"]
[BlackTeam "Melle III"]
[WhiteTeamCountry "GER"]
[BlackTeamCountry "GER"]

1. e4 c5 2. Nf3 Nc6 3. Bb5 g6 4. 0-0 Bg7 5. Nc3 e6 6. Bxc6 dxc6 7. d3 e5 8. Be3 b6 9. Qd2 Bg4 10. Ne1 Ne7 11. Bh6 0-0 12. Bxg7 Kxg7 13. Qg5 f5 14. exf5 Bxf5 15. Nf3 Nd5 16. Qxd8 Raxd8 17. Nxe5 Nxc3 18. bxc3 Rf6 19. Nc4 Re6 20. Ne3 Re5 21. a4 Be6 22. c4 Re8 23. Rfd1 Re7 24. Rdb1 Bd7 25. Rd1 Be8 26. Rab1 Bd7 27. h3 Be8 28. Kf1 Kf7 1/2-1/2

[Event "Oberliga Nord W 0708"]
[Site "Germany"]
[Date "2008.04.20"]
[Round "9.5"]
[White "Raabe, Peter"]
[Black "Dan, Efim"]
[Result "1-0"]
[WhiteElo "2133"]
[BlackElo "2116"]
[PlyCount "159"]
[EventDate "2007.10.21"]
[EventType "team-tourn"]
[EventRounds "9"]
[EventCountry "GER"]
[SourceTitle "EXT 2009"]
[Source "ChessBase"]
[SourceDate "2008.11.26"]
[SourceVersion "1"]
[SourceVersionDate "2008.11.26"]
[SourceQuality "1"]
[WhiteTeam "Uelzen Post"]
[BlackTeam "Melle III"]
[WhiteTeamCountry "GER"]
[BlackTeamCountry "GER"]

1. d4 Nf6 2. Nf3 d6 3. Bf4 c5 4. c3 Qb6 5. Qb3 Qxb3 6. axb3 cxd4 7. Nxd4 Nc6 8. Nb5 Rb8 9. Nd2 a6 10. Na3 g6 11. e4 Bg7 12. b4 b5 13. Be2 0-0 14. Nc2 Bb7 15. 0-0 Nd7 16. Ne3 Rbc8 17. Rfd1 Nb6 18. Ra2 Rfd8 19. Bg5 h6 20. Bh4 d5 21. exd5 Nxd5 22. Nxd5 Rxd5 23. Raa1 Rcd8 24. Nb3 Rxd1+ 25. Rxd1 Rxd1+ 26. Bxd1 g5 27. Bg3 Ne5 28. Nc5 Bc8 29. Be2 Kf8 30. f4 Nd7 31. fxg5 hxg5 32. Ne4 Nb6 33. Be1 g4 34. Bd2 f5 35. Nc5 e5 36. g3 Ke7 37. Be3 Nd5 38. Bg5+ Kd6 39. Nd3 Nb6 40. Be3 Nc4 41. Bc1 Bf8 42. b3 Nb6 43. Be3 Nd7 44. c4 Kc6 45. c5 Bb7 46. Kf2 Kc7 47. Ke1 Bd5 48. Bd1 Bg7 49. Bc2 Be6 50. Bg5 Nb8 51. Be7 Nc6 52. Bd6+ Kd7 53. Bd1 Bd5 54. Kd2 Ke6 55. Bc7 Bh6+ 56. Kc3 Be3 57. Bc2 Bg1 58. Bxe5 Be4 59. Bd6 Bxd3 60. Bxd3 Bxh2 61. Bf4 Bg1 62. Bf1 Bd4+ 63. Kd3 Bf6 64. Bd2 Be5 65. Bg2 Nd4 66. Be1 Nxb3 67. Bb7 a5 68. Bc8+ Kf6 69. bxa5 Nxc5+ 70. Kc2 Ne4 71. a6 Bd4 72. Bd7 f4 73. Kd3 Ke5 74. gxf4+ Kd5 75. Be6+ Kc6 76. Kxd4 Nf6 77. Ke5 Ne8 78. a7 Kb7 79. Bf2 Nc7 80. Bxg4 1-0

[Event "Niedersachsen-ch Seniors 42th"]
[Site "Sottrum"]
[Date "2008.04.17"]
[Round "8"]
[White "Dornieden, Manfred"]
[Black "Dan, Efim"]
[Result "1/2-1/2"]
[WhiteElo "2159"]
[BlackElo "2061"]
[PlyCount "71"]
[EventDate "2008.04.10"]
[EventType "swiss"]
[EventRounds "9"]
[EventCountry "GER"]
[SourceTitle "EXT 2022"]
[Source "ChessBase"]
[SourceDate "2021.10.06"]
[SourceVersion "1"]
[SourceVersionDate "2021.10.06"]
[SourceQuality "1"]

1. c4 c5 2. Nf3 Nc6 3. d4 cxd4 4. Nxd4 Nf6 5. Nc3 Nxd4 6. Qxd4 g6 7. e4 d6 8. Be2 Bg7 9. Be3 0-0 10. Qd2 Be6 11. Rc1 Qa5 12. 0-0 Rfc8 13. b3 a6 14. f3 b5 15. Nd5 Qxd2 16. Bxd2 Nxd5 17. exd5 Bd7 18. Rfd1 Bb2 19. Rc2 Bd4+ 20. Kf1 Bf5 21. Rcc1 Bb2 22. Rb1 Bxb1 23. Rxb1 Bd4 24. Bd3 bxc4 25. Bxc4 a5 26. a4 Kg7 27. Ke2 Be5 28. f4 Bf6 29. Kd3 h5 30. Bb5 e6 31. dxe6 Rc5 32. exf7 Kxf7 33. b4 axb4 34. Bxb4 Rd5+ 35. Ke4 Rd4+ 36. Ke3 1/2-1/2

[Event "Niedersachsen-ch Seniors 42th"]
[Site "Sottrum"]
[Date "2008.04.16"]
[Round "7"]
[White "Dan, Efim"]
[Black "Pape, Manfred"]
[Result "1/2-1/2"]
[WhiteElo "2061"]
[BlackElo "2163"]
[PlyCount "49"]
[EventDate "2008.04.10"]
[EventType "swiss"]
[EventRounds "9"]
[EventCountry "GER"]
[SourceTitle "EXT 2022"]
[Source "ChessBase"]
[SourceDate "2021.10.06"]
[SourceVersion "1"]
[SourceVersionDate "2021.10.06"]
[SourceQuality "1"]

1. d4 Nf6 2. Nf3 g6 3. c4 Bg7 4. Nc3 d6 5. e4 0-0 6. Be2 Nc6 7. 0-0 Bg4 8. d5 Bxf3 9. Bxf3 Na5 10. Be2 c5 11. Qc2 a6 12. Rb1 Qc7 13. b3 Rab8 14. Bb2 e5 15. Rbe1 Qd7 16. a4 Qc7 17. Nb1 Qb6 18. Nd2 Nd7 19. g3 Qd8 20. Bg4 b6 21. Bc3 Nb7 22. Kh1 Qe7 23. f4 Nd8 24. Nf3 f6 25. Bh3 1/2-1/2

[Event "Niedersachsen-ch Seniors 42th"]
[Site "Sottrum"]
[Date "2008.04.15"]
[Round "6"]
[White "Dan, Efim"]
[Black "Ljubarskij, Jurij"]
[Result "1-0"]
[WhiteElo "2061"]
[BlackElo "2202"]
[PlyCount "83"]
[EventDate "2008.04.10"]
[EventType "swiss"]
[EventRounds "9"]
[EventCountry "GER"]
[SourceTitle "EXT 2022"]
[Source "ChessBase"]
[SourceDate "2021.10.06"]
[SourceVersion "1"]
[SourceVersionDate "2021.10.06"]
[SourceQuality "1"]

1. d4 d5 2. c4 c6 3. Nc3 Nf6 4. cxd5 cxd5 5. Bf4 Nc6 6. e3 e6 7. Bd3 Bd6 8. Bxd6 Qxd6 9. Nf3 0-0 10. 0-0 e5 11. dxe5 Nxe5 12. Nxe5 Qxe5 13. Qf3 Re8 14. Qg3 Qxg3 15. hxg3 Be6 16. Rfd1 Re7 17. Rd2 Kf8 18. Rad1 Rd7 19. Bb5 Rc7 20. f3 Ke7 21. Ba4 Rc4 22. a3 Rac8 23. Kf2 R8c7 24. g4 h6 25. Ke2 R4c5 26. Nb5 Rc8 27. b4 Rc4 28. Bb3 d4 29. Nxa7 Ra8 30. Nb5 Rc3 31. Bxe6 Rxe3+ 32. Kf2 fxe6 33. Nxd4 Rexa3 34. Re1 R8a6 35. b5 Rb6 36. Rde2 Rd3 37. Nxe6 Kf7 38. Nc5 Rd5 39. Na4 Rbd6 40. Re7+ Kf8 41. Rxb7 Rd8 42. b6 1-0

[Event "Niedersachsen-ch Seniors 42th"]
[Site "Sottrum"]
[Date "2008.04.11"]
[Round "2"]
[White "Dan, Efim"]
[Black "Vlassenko, Viktor"]
[Result "1-0"]
[WhiteElo "2061"]
[BlackElo "1506"]
[PlyCount "47"]
[EventDate "2008.04.10"]
[EventType "swiss"]
[EventRounds "9"]
[EventCountry "GER"]
[SourceTitle "EXT 2022"]
[Source "ChessBase"]
[SourceDate "2021.10.06"]
[SourceVersion "1"]
[SourceVersionDate "2021.10.06"]
[SourceQuality "1"]

1. d4 e6 2. c4 d5 3. Nc3 Bb4 4. e3 Nf6 5. a3 Bxc3+ 6. bxc3 0-0 7. Bd3 c6 8. Nf3 Ne4 9. Qe2 f5 10. Ne5 Nd7 11. Nxd7 Bxd7 12. 0-0 a6 13. c5 Be8 14. f3 Ng5 15. Rb1 Rb8 16. Rb6 Bg6 17. Bd2 Qc7 18. Rfb1 Bh5 19. Be1 f4 20. exf4 Qxf4 21. Bg3 Bxf3 22. gxf3 Nxf3+ 23. Kh1 Qf7 24. Bxb8 1-0

[Event "Niedersachsen-ch M"]
[Site "Verden"]
[Date "2008.01.03"]
[Round "3"]
[White "Lubbe, Nikolas"]
[Black "Dan, Efim"]
[Result "1-0"]
[WhiteElo "2248"]
[BlackElo "2116"]
[PlyCount "91"]
[EventDate "2008.01.02"]
[EventType "swiss"]
[EventRounds "9"]
[EventCountry "GER"]
[SourceTitle "CBM 122 Extra"]
[Source "ChessBase"]
[SourceDate "2008.03.04"]
[SourceVersion "1"]
[SourceVersionDate "2008.03.04"]
[SourceQuality "1"]

1. e4 c5 2. Nf3 Nc6 3. d4 cxd4 4. Nxd4 Nf6 5. Nc3 d6 6. Be2 e5 7. Nf3 h6 8. 0-0 Be6 9. Re1 Be7 10. Bf1 Rc8 11. Nd5 0-0 12. c3 Bg4 13. h3 Bh5 14. Bd3 Nxd5 15. exd5 Nb8 16. g4 Bg6 17. Bxg6 fxg6 18. Qd3 Kh7 19. Nd2 Nd7 20. Ne4 Nf6 21. Be3 Nxe4 22. Qxe4 a6 23. Rec1 Bg5 24. Kg2 Qf6 25. c4 Rf7 26. Rc3 Rcf8 27. Rf1 Qe7 28. c5 Bxe3 29. Qxe3 dxc5 30. Qxc5 Qxc5 31. Rxc5 e4 32. Rc2 e3 33. Re2 Rd8 34. Rd1 Rfd7 35. fxe3 Rxd5 36. Rxd5 Rxd5 37. Kf3 Kg8 38. a3 Kf7 39. Rc2 Rd7 40. Rc3 Ke6 41. Ke4 Rd2 42. b4 Ra2 43. Rc7 Rxa3 44. Rxg7 Rb3 45. Rxb7 a5 46. Rb6+ 1-0

[Event "Niedersachsen-ch M"]
[Site "Verden"]
[Date "2008.01.03"]
[Round "5"]
[White "Markgraf, Alexander"]
[Black "Dan, Efim"]
[Result "1-0"]
[WhiteElo "2447"]
[BlackElo "2116"]
[PlyCount "63"]
[EventDate "2008.01.02"]
[EventType "swiss"]
[EventRounds "9"]
[EventCountry "GER"]
[SourceTitle "CBM 122 Extra"]
[Source "ChessBase"]
[SourceDate "2008.03.04"]
[SourceVersion "1"]
[SourceVersionDate "2008.03.04"]
[SourceQuality "1"]

1. e4 c5 2. Nf3 Nc6 3. d4 cxd4 4. Nxd4 Nf6 5. Nc3 d6 6. Bg5 e5 7. Bxf6 gxf6 8. Nf5 Bxf5 9. exf5 d5 10. Qxd5 Bb4 11. 0-0-0 Bxc3 12. bxc3 Qxd5 13. Rxd5 Ke7 14. Bc4 Rhg8 15. Rhd1 Rad8 16. Rxd8 Nxd8 17. Bd5 Rg5 18. Be4 Rg4 19. Re1 Rh4 20. h3 Rh5 21. Kd2 Kd6 22. Ke3 Rg5 23. Rd1+ Kc7 24. g4 Rg8 25. Bd5 h6 26. c4 Rh8 27. c5 Re8 28. Be4 b6 29. Rd6 bxc5 30. Rxf6 Rh8 31. Bd5 Rh7 32. Ke4 1-0

[Event "Niedersachsen-ch M"]
[Site "Verden"]
[Date "2008.01.02"]
[Round "1"]
[White "Mueller, Fabian"]
[Black "Dan, Efim"]
[Result "1/2-1/2"]
[WhiteElo "2312"]
[BlackElo "2116"]
[PlyCount "98"]
[EventDate "2008.01.02"]
[EventType "swiss"]
[EventRounds "9"]
[EventCountry "GER"]
[SourceTitle "CBM 122 Extra"]
[Source "ChessBase"]
[SourceDate "2008.03.04"]
[SourceVersion "1"]
[SourceVersionDate "2008.03.04"]
[SourceQuality "1"]

1. d4 Nf6 2. c4 g6 3. Nc3 Bg7 4. e4 d6 5. Nf3 0-0 6. Be2 e5 7. 0-0 Nc6 8. d5 Ne7 9. b4 c6 10. dxc6 bxc6 11. Qc2 Qc7 12. b5 d5 13. bxc6 dxe4 14. Nb5 Qxc6 15. Nxe5 Qc5 16. Bb2 Nf5 17. g4 a6 18. gxf5 axb5 19. fxg6 hxg6 20. Qb3 b4 21. Rfd1 Ra5 22. Bd4 Qc7 23. c5 Rxc5 24. Bxc5 Qxc5 25. Nxf7 Rxf7 26. Bc4 Qg5+ 27. Qg3 Ng4 28. Bxf7+ Kxf7 29. Qc7+ Kg8 30. Qd8+ Qxd8 31. Rxd8+ Kh7 32. Rb1 Be6 33. Rxb4 Bxa2 34. Rxe4 Nf6 35. Re7 Bb1 36. Rb8 Bf5 37. Rbb7 Nh5 38. Kf1 g5 39. Ke2 Kg6 40. Ke3 Bf6 41. Re8 Nf4 42. Rb5 Bd7 43. Rg8+ Kh5 44. Ra5 Be6 45. Re8 Kg4 46. Rf8 Bc3 47. Rxg5+ Kxg5 48. Rxf4 Bd2+ 49. Kxd2 Kxf4 1/2-1/2

[Event "Oberliga Nord W 0708"]
[Site "Germany"]
[Date "2007.11.04"]
[Round "2.6"]
[White "Graf, Joachim"]
[Black "Dan, Efim"]
[Result "1/2-1/2"]
[WhiteElo "2151"]
[BlackElo "2116"]
[PlyCount "98"]
[EventDate "2007.10.21"]
[EventType "team-tourn"]
[EventRounds "9"]
[EventCountry "GER"]
[SourceTitle "EXT 2009"]
[Source "ChessBase"]
[SourceDate "2008.11.26"]
[SourceVersion "1"]
[SourceVersionDate "2008.11.26"]
[SourceQuality "1"]
[WhiteTeam "Salzgitter"]
[BlackTeam "Melle III"]
[WhiteTeamCountry "GER"]
[BlackTeamCountry "GER"]

1. d4 Nf6 2. Nf3 d5 3. c4 c6 4. e3 e6 5. Nbd2 Nbd7 6. b3 Bd6 7. Bb2 0-0 8. Bd3 Re8 9. Ne5 Bb4 10. 0-0 Bxd2 11. Qxd2 Ne4 12. Qc2 f5 13. cxd5 cxd5 14. Rac1 Nxe5 15. dxe5 Bd7 16. Bd4 Rc8 17. Qb2 a6 18. Rfd1 Qe7 19. Rxc8 Rxc8 20. Rc1 Rc6 21. Rxc6 Bxc6 22. Qc2 Qb4 23. Qc1 h6 24. f3 Ng5 25. Kf2 Nf7 26. Ke2 Qa5 27. Qd2 Qc7 28. Qc3 Qd7 29. Qc5 Nd8 30. Bb2 Nf7 31. f4 Nd8 32. Ba3 Bb5 33. Kd2 Bxd3 34. Kxd3 Qf7 35. Qc8 Qe8 36. Bd6 Qb5+ 37. Kd4 Qb6+ 38. Bc5 Qa5 39. b4 Qxa2 40. Qxd8+ Kh7 41. Kc3 Qa3+ 42. Kd2 Qb2+ 43. Kd3 Qxg2 44. Qd7 Qf1+ 45. Kc2 Qe2+ 46. Kb3 Qd1+ 47. Kb2 Qd2+ 48. Kb3 Qd1+ 49. Kb2 Qd2+ 1/2-1/2

[Event "Niedersachsen-ch Seniors 41st"]
[Site "Sottrum"]
[Date "2007.03.22"]
[Round "1"]
[White "Klose, Hans Peter"]
[Black "Dan, Efim"]
[Result "0-1"]
[WhiteElo "1434"]
[BlackElo "2031"]
[PlyCount "85"]
[EventDate "2007.03.22"]
[EventType "swiss"]
[EventRounds "9"]
[EventCountry "GER"]
[SourceTitle "EXT 2022"]
[Source "ChessBase"]
[SourceDate "2021.10.06"]
[SourceVersion "1"]
[SourceVersionDate "2021.10.06"]
[SourceQuality "1"]

1. e4 c5 2. d3 Nc6 3. Nf3 Nf6 4. g3 d5 5. exd5 Nxd5 6. Bg2 e6 7. 0-0 Be7 8. c4 Ndb4 9. Qe2 Qxd3 10. Re1 0-0 11. a3 Qxe2 12. Rxe2 Nd3 13. Nc3 Na5 14. Ne5 Nxe5 15. Rxe5 Nxc4 16. Re2 Bf6 17. Nb5 Bd7 18. Nc3 Rab8 19. a4 Bc6 20. Ne4 Bd4 21. Rc2 Bd5 22. Rb1 b6 23. Nc3 Bxg2 24. Kxg2 Na5 25. Nb5 Nc6 26. Bd2 Bf6 27. Bc3 Rbd8 28. Bxf6 gxf6 29. Re1 Rd7 30. Re4 f5 31. Rf4 Rfd8 32. h3 Kg7 33. g4 a6 34. Na3 Nd4 35. gxf5 Nxc2 36. fxe6 Ne1+ 37. Kf1 Rd1 38. Rxf7+ Kg6 39. Rd7 R1xd7 40. exd7 Nd3 41. Nc4 b5 42. Nb6 Nxb2 43. Ke2 0-1

[Event "Niedersachsen-ch Seniors op 09th"]
[Site "Bad Bevensen"]
[Date "2006.06.24"]
[Round "1"]
[White "Husfeld, Peter"]
[Black "Dan, Efim"]
[Result "0-1"]
[WhiteElo "1619"]
[BlackElo "1993"]
[PlyCount "59"]
[EventDate "2006.06.24"]
[EventType "swiss"]
[EventRounds "9"]
[EventCountry "GER"]
[SourceTitle "EXT 2022"]
[Source "ChessBase"]
[SourceDate "2021.10.06"]
[SourceVersion "1"]
[SourceVersionDate "2021.10.06"]
[SourceQuality "1"]

1. d4 Nf6 2. c4 g6 3. Nc3 Bg7 4. e4 d6 5. h3 0-0 6. Nf3 Nbd7 7. Be3 e5 8. d5 Nc5 9. Bxc5 dxc5 10. Qd2 Ne8 11. Bd3 a6 12. g4 f6 13. Qe3 Qe7 14. 0-0-0 b6 15. Kb1 Nd6 16. Nd2 Kf7 17. a3 h6 18. Na2 Bd7 19. h4 Rh8 20. Rdg1 g5 21. h5 Bf8 22. Qe2 Qd8 23. f3 Qb8 24. Qf2 Be7 25. Ka1 Qa7 26. Qe2 Rhb8 27. Nc3 a5 28. Nd1 b5 29. cxb5 Nxb5 30. Nf2 0-1

[Event "Niedersachsen-ch"]
[Site "Verden"]
[Date "2006.01.05"]
[Round "2"]
[White "Dan, Efim"]
[Black "Alker, Dennis"]
[Result "1-0"]
[WhiteElo "2143"]
[BlackElo "1547"]
[PlyCount "57"]
[EventDate "2006.01.??"]
[EventType "swiss"]
[EventRounds "7"]
[EventCountry "GER"]
[SourceTitle "CBM 110 Extra"]
[Source "ChessBase"]
[SourceDate "2006.03.10"]
[SourceVersion "2"]
[SourceVersionDate "2006.03.10"]
[SourceQuality "1"]

1. d4 Nf6 2. c4 e6 3. Nf3 b6 4. g3 Bb7 5. Bg2 c5 6. d5 exd5 7. Nh4 Be7 8. cxd5 d6 9. Nf5 0-0 10. Nc3 Nbd7 11. 0-0 Ne5 12. f4 Ng6 13. Re1 Re8 14. Nxe7+ Rxe7 15. e4 Qd7 16. Qd3 Rc8 17. b3 c4 18. bxc4 Qc7 19. Nb5 Qxc4 20. Qxc4 Rxc4 21. Nxd6 Rc2 22. Nf5 Rec7 23. Nd4 R2c4 24. Bb2 Rb4 25. Re2 Nf8 26. Rd1 Ba6 27. Red2 Ng4 28. Nf5 g6 29. d6 1-0

[Event "Niedersachsen-ch Seniors 39th"]
[Site "Wingst"]
[Date "2005.03.09"]
[Round "7"]
[White "Ljubarskij, Jurij"]
[Black "Dan, Efim"]
[Result "1-0"]
[WhiteElo "2348"]
[BlackElo "2127"]
[PlyCount "83"]
[EventDate "2005.03.03"]
[EventType "swiss"]
[EventRounds "9"]
[EventCountry "GER"]
[SourceTitle "EXT 2006"]
[Source "ChessBase"]
[SourceDate "2005.11.24"]
[SourceVersion "1"]
[SourceVersionDate "2005.11.24"]
[SourceQuality "1"]

1. e4 c5 2. Nc3 Nc6 3. f4 g6 4. Nf3 Bg7 5. Bb5 Nd4 6. Nxd4 cxd4 7. Ne2 e6 8. c3 a6 9. Bd3 dxc3 10. dxc3 d5 11. 0-0 Nf6 12. e5 Nd7 13. Nd4 0-0 14. Qe1 Re8 15. Nf3 f6 16. Qg3 Qc7 17. Re1 f5 18. h4 Nc5 19. Bc2 Ne4 20. Bxe4 dxe4 21. Nd4 Kh8 22. Be3 Bd7 23. Red1 Rad8 24. Qf2 Bc8 25. Rd2 Rd5 26. Rad1 Red8 27. Nb3 Rxd2 28. Rxd2 Rxd2 29. Qxd2 Bf8 30. Bd4 Be7 31. g3 e3 32. Bxe3 Qc4 33. Bb6 Kg8 34. Kf2 Kf7 35. Qd4 Qc6 36. Bc5 Qh1 37. Bxe7 Kxe7 38. Qc5+ Kd8 39. Qf8+ Kd7 40. Nc5+ Kc6 41. Qd6+ Kb5 42. a4+ 1-0